000 00590nam a2200181 i 4500
001 29222
003 ES-MaACL
005 20230906154007.0
007 t|
008 030121s1972 sp ||||1| spa d
100 1 _aBallarini, Teodorico.
_924979
245 1 0 _aPablo
_b: vida, apostolado, escritos /
_cbajo la dirección de Teodorico Ballarini ; traducción por Javier de Abarzuza.
260 _aMadrid :
_bStudium,
_c[1972]
300 _a918 p., 20 lám. ;
_c25 cm.
700 0 _aJavier de Abárzuza,
_d1903-1980
_917972
852 _aES-MaACL
_jC-42701
_bR.81297
999 _c29222
_d29222